[Event "Dortmund Sparkassen op-B"]
[Site "Dortmund"]
[Date "2015.07.02"]
[Round "6"]
[White "Seref, Erdogan"]
[Black "Iov, Dmitrii"]
[Result "1-0"]
[WhiteElo "1446"]
[BlackElo "1873"]
[PlyCount "59"]
[EventDate "2015.06.27"]
[EventType "swiss"]
[EventRounds "9"]
[EventCountry "GER"]
[SourceTitle "CBM 167 Extra"]
[Source "ChessBase"]
[SourceDate "2015.09.14"]
[SourceVersion "1"]
[SourceVersionDate "2015.09.14"]
[SourceQuality "1"]

1. c4 c6 2. Nc3 d5 3. cxd5 cxd5 4. d4 Nf6 5. Nf3 Nc6 6. Bf4 Nh5 7. Bd2 e6 8. e3 Nf6 9. Bb5 Bd7 10. 0-0 Bd6 11. a3 0-0 12. Bd3 e5 13. dxe5 Nxe5 14. Nxe5 Bxe5 15. Qb3 Bc6 16. Ne2 Ne4 17. Bxe4 dxe4 18. Bc3 Bc7 19. Rad1 Qh4 20. h3 Rad8 21. Nd4 Bd5 22. Qa4 f5 23. Nb5 Bb6 24. Rxd5 Rxd5 25. Qc4 Rfd8 26. Rd1 Bxe3 27. fxe3 Qg3 28. Rxd5 Qxe3+ 29. Kh1 Qc1+ 30. Rd1+ 1-0

[Event "Dortmund Sparkassen op-B"]
[Site "Dortmund"]
[Date "2015.06.27"]
[Round "1"]
[White "Olivares, Ricardo"]
[Black "Iov, Dmitrii"]
[Result "1/2-1/2"]
[WhiteElo "1623"]
[BlackElo "1873"]
[PlyCount "45"]
[EventDate "2015.06.27"]
[EventType "swiss"]
[EventRounds "9"]
[EventCountry "GER"]
[SourceTitle "CBM 167 Extra"]
[Source "ChessBase"]
[SourceDate "2015.09.14"]
[SourceVersion "1"]
[SourceVersionDate "2015.09.14"]
[SourceQuality "1"]

1. e4 c6 2. d4 d5 3. Nc3 dxe4 4. Nxe4 Bf5 5. Ng3 Bg6 6. Nf3 e6 7. Bd3 Bxd3 8. Qxd3 Nf6 9. 0-0 Bd6 10. c4 0-0 11. Bd2 c5 12. Bc3 cxd4 13. Nxd4 Na6 14. Qf3 Nc5 15. Rad1 Qe7 16. Rfe1 Bxg3 17. Qxg3 Nce4 18. Qf3 Nxc3 19. Qxc3 Qc7 20. Nb5 Qf4 21. Qd4 Qg4 22. Re5 Qg6 23. Qd3 1/2-1/2

[Event "Maastricht Limburg op-B 9th"]
[Site "Maastricht"]
[Date "2015.05.24"]
[Round "4"]
[White "Van Dael, Siem"]
[Black "Iov, Dmitrii"]
[Result "1/2-1/2"]
[WhiteElo "1813"]
[BlackElo "1916"]
[PlyCount "142"]
[EventDate "2015.05.22"]
[EventType "swiss"]
[EventRounds "7"]
[EventCountry "NED"]
[SourceTitle "EXT 2016"]
[Source "ChessBase"]
[SourceDate "2015.10.08"]
[SourceVersion "1"]
[SourceVersionDate "2015.10.08"]
[SourceQuality "1"]

1. e4 c6 2. d4 d5 3. Nc3 dxe4 4. Nxe4 Nf6 5. Nxf6+ exf6 6. c3 Bd6 7. Bd3 0-0 8. Nf3 Re8+ 9. Be3 Bg4 10. 0-0 Qc7 11. Kh1 Bxh2 12. Bxh7+ Kxh7 13. Qd3+ g6 14. Nxh2 Bf5 15. Qd2 Rh8 16. g3 Kg7 17. Bf4 Qd7 18. f3 g5 19. Be3 Na6 20. g4 Bg6 21. Kg2 Nc7 22. Bf2 Ne6 23. Bg3 Rad8 24. Rad1 Qd5 25. b4 b6 26. Rf2 Rd7 27. Nf1 Qb5 28. Ne3 Qa6 29. Qb2 Nf4+ 30. Bxf4 gxf4 31. Nf1 Qb5 32. Qd2 Qg5 33. Kg1 Rh3 34. Qe2 Rd8 35. Rh2 Rdh8 36. Rxh3 Rxh3 37. Qg2 Qh4 38. Rd2 Kh6 39. c4 f5 40. d5 cxd5 41. g5+ Qxg5 42. cxd5 Rh5 43. Qxg5+ Kxg5 44. d6 Rh8 45. d7 Rd8 46. Rd6 Kh6 47. a4 Kg7 48. a5 bxa5 49. bxa5 Kf8 50. Rd4 Ke7 51. Rxf4 Rxd7 52. Rb4 Kd6 53. a6 Kc5 54. Rb7 Kc6 55. Rb4 f4 56. Rxf4 Bd3 57. Rf6+ Kb5 58. Ne3 Ka5 59. Ng4 Re7 60. Nh6 Bg6 61. Ng4 Re6 62. Rxe6 fxe6 63. Ne5 Bf5 64. Kf2 Kxa6 65. Ke2 Kb5 66. Kd2 Ka4 67. Kc1 a5 68. Kb2 Kb4 69. Nc6+ Kb5 70. Nd4+ Kc5 71. Nxe6+ Bxe6 1/2-1/2

[Event "Maastricht Limburg op-B 9th"]
[Site "Maastricht"]
[Date "2015.05.22"]
[Round "1"]
[White "Iov, Dmitrii"]
[Black "Cornelius, Jorg"]
[Result "0-1"]
[WhiteElo "1916"]
[BlackElo "2022"]
[PlyCount "74"]
[EventDate "2015.05.22"]
[EventType "swiss"]
[EventRounds "7"]
[EventCountry "NED"]
[SourceTitle "EXT 2016"]
[Source "ChessBase"]
[SourceDate "2015.10.08"]
[SourceVersion "1"]
[SourceVersionDate "2015.10.08"]
[SourceQuality "1"]

1. d4 Nf6 2. c4 c5 3. d5 b5 4. cxb5 a6 5. b6 a5 6. Nc3 Ba6 7. g3 d6 8. Bg2 Qxb6 9. Nf3 g6 10. 0-0 Bg7 11. Re1 Nbd7 12. e4 Ng4 13. Qa4 Qb4 14. Qc2 Rb8 15. a3 Qb3 16. Qxb3 Rxb3 17. h3 Nge5 18. Nd2 Rb7 19. Ra2 0-0 20. Na4 Nd3 21. Rd1 Rfb8 22. Bf1 Bb5 23. Nc3 Nxc1 24. Rxc1 Bxf1 25. Kxf1 Rxb2 26. Rxb2 Rxb2 27. Nc4 Rb3 28. Ne2 a4 29. Rc2 Ne5 30. Nxe5 Bxe5 31. f4 Bb2 32. e5 Bxa3 33. exd6 exd6 34. Nc3 Bb4 35. Ne4 a3 36. Ra2 Rb2 37. Ra1 a2 0-1

[Event "Goch op 17th"]
[Site "Goch"]
[Date "2006.10.15"]
[Round "6"]
[White "Bock, Juergen"]
[Black "Iov, Dmitrii"]
[Result "1-0"]
[WhiteElo "2284"]
[BlackElo "1991"]
[PlyCount "45"]
[EventDate "2006.10.12"]
[EventType "swiss"]
[EventRounds "7"]
[EventCountry "GER"]
[SourceTitle "EXT 2008"]
[Source "ChessBase"]
[SourceDate "2007.11.25"]
[SourceVersion "1"]
[SourceVersionDate "2007.11.25"]
[SourceQuality "1"]

1. d4 c6 2. c4 d5 3. Nf3 Nf6 4. Nc3 e6 5. Bg5 h6 6. Bh4 g5 7. Bg3 dxc4 8. e4 b5 9. Be2 Bb7 10. 0-0 a6 11. Ne5 c5 12. d5 exd5 13. exd5 Bd6 14. Bf3 0-0 15. Re1 Re8 16. Qd2 Qc7 17. Ng4 Rxe1+ 18. Rxe1 Nxg4 19. Bxg4 Kf8 20. Nxb5 axb5 21. Qc3 Be5 22. Bxe5 Qd8 23. Bc7 1-0

[Event "Goch op 16th"]
[Site "Goch"]
[Date "2005.10.01"]
[Round "3"]
[White "Hintze, Helge"]
[Black "Iov, Dmitrii"]
[Result "1-0"]
[WhiteElo "2303"]
[BlackElo "2028"]
[PlyCount "89"]
[EventDate "2005.09.30"]
[EventType "swiss"]
[EventRounds "7"]
[EventCountry "GER"]
[SourceTitle "EXT 2007"]
[Source "ChessBase"]
[SourceDate "2006.11.23"]
[SourceVersion "1"]
[SourceVersionDate "2006.11.23"]
[SourceQuality "1"]

1. c4 Nf6 2. Nc3 c5 3. Nf3 Nc6 4. g3 d6 5. Bg2 g6 6. 0-0 Bg7 7. d4 cxd4 8. Nxd4 Nxd4 9. Qxd4 0-0 10. Qd3 Rb8 11. Be3 Bf5 12. Qd2 b6 13. Bh6 Qd7 14. Bxg7 Kxg7 15. Rfe1 Qe6 16. b3 Kg8 17. e4 Bh3 18. Bh1 Qe5 19. Nd5 Nxd5 20. exd5 Qf6 21. Rac1 Rbc8 22. Re3 Rc7 23. Rce1 Re8 24. Qe2 a6 25. a4 e5 26. dxe6 Rxe6 27. Bd5 Rxe3 28. Qxe3 Kg7 29. Bg2 Bxg2 30. Kxg2 Rc5 31. Rd1 b5 32. cxb5 axb5 33. Rd4 bxa4 34. bxa4 Re5 35. Qd3 d5 36. f4 Rf5 37. h4 Qc6 38. Qb3 Qc1 39. Qd1 Qb2+ 40. Qd2 Qb3 41. Rb4 Qa3 42. Qd4+ Kh6 43. g4 Qa2+ 44. Rb2 Rxf4 45. Qxf4+ 1-0